Sports Quiz

Random Sports Quiz

Professional Poker Players by Nickname Quiz Stats

 Plays Quiz not verified by Sporcle

Challenge
Share
Tweet
Embed
Score 0/24 Timer 07:00
0 Plays Today
Nickname Players Name % Correct
Texas DollyDoyle Brunson
95.4%
The Poker BratPhil Hellmuth
95.3%
JesusChris Ferguson
90.5%
Kid PokerDaniel Negreanu
89.6%
The MouthMike Matusow
86.1%
UnabomberPhil Laak
86%
The MagicianAntonio Esfandiari
84.8%
No Home JeromePhil Ivey
81.8%
The Great DaneGus Hansen
80.9%
The ProfessorHoward Lederer
80.1%
Action DanDan Harrington
78.4%
The Orient ExpressJohnny Chan
76.5%
Nickname Players Name % Correct
FossilmanGreg Raymer
75%
Robin Hood of PokerBarry Greenstein
71.4%
The GrinderMichael Mizrachi
71.2%
The MasterMen Nguyen
65%
E-DogErick Lindgren
61.1%
The KidStu Ungar
59.8%
El MatadorCarlos Mortensen
42.4%
Mad Genius of PokerMike Caro
41.8%
The Flying DutchmanMarcel Luske
39.5%
The SharkHumberto Brenes
38%
Amarillo SlimThomas Preston
34.5%
Dot ComPaul Phillips
8.4%

You're not logged in!

Compare scores with friends on all Sporcle quizzes.
Join for Free
OR
Log In

You Might Also Like...

Show Comments

Extras

Created May 9, 2010ReportNominate
Tags:nickname, player, poker, professional

Top Quizzes Today


Score Distribution

Your Account Isn't Verified!

In order to create a playlist on Sporcle, you need to verify the email address you used during registration. Go to your Sporcle Settings to finish the process.

Report this User

Report this user for behavior that violates our Community Guidelines.

Details: